000 00278nam a2200097Ia 4500
008 201231s9999 xx 000 0 und d
100 _aAlexander Hamilton Institute, Inc.
245 0 _aFinance and Accounting Program : Fast Track To Managerial Success
300 _a0
942 _cBK
999 _c10041
_d10041